000 00321nam a22001337a 4500
008 170519b xxu||||| |||| 00| 0 eng d
020 _a0915144948
041 _aeng
080 _a94
100 _a16
101 _aSHH
245 _aON THE ADVANTAGE AND DISADVANTAGE OF HISTORY FOR LIFE
_cNIETZSCHE, F
942 _2udc
_cBK
999 _c13514
_d13514